| 000 | 01977nam a22003017a 4500 | ||
|---|---|---|---|
| 003 | AR-RoUNCS | ||
| 005 | 20251023121708.0 | ||
| 008 | 251023c20012018fr |||||r|||| 00| 0 spa d | ||
| 022 | _a1578-4223 | ||
| 040 |
_aAR-RoUNCS _cAR-RoUNCS |
||
| 080 | _081'22(051) | ||
| 210 | 0 | _aDeSignis | |
| 245 | 0 | 0 |
_aDeSignis _n29, _pLa semiosis social ; _pHomenaje a Eliseo Verón / _ccoordinación, Lucrecia Escudero Chauvel, Marita Soto y Oscar Traversa ; con la colaboración de Paolo Fabbri. |
| 260 |
_aParis : _bFederación Latinoamericana de Semiótica, _c2018. |
||
| 300 |
_a248 p. ; _c22 cm. |
||
| 310 | _aAnual | ||
| 362 | 0 | _aVol. 1 (2001)- | |
| 490 | 0 | _aDeSignis : Serie Transformaciones | |
| 520 | 3 | _aEliseo Verón ha sido el pionero de la Semiótica en América Latina en la década de los años 60 y ha tenido el mérito de abonar con su enseñanza y sus libros un punto de vista decididamente estratégico-formal y no taxonómico-descriptivo, inaugurando la Sociosemiótica y construyendo una reflexión compleja sobre las relaciones entre la discursividad social, producción, circulación y recepción de sentido. Su teoría, que se inspira en el filósofo Charles S. Peirce, se vuelve fundadora de un punto de vista terciario para encarar la mutación de los dispositivos técnicos, del espacio público, de las mediaciones, de los sujetos, de los discursos. Este número está dedicado a mostrar las transformaciones de su pensamiento, desde sus brillantes intuiciones iniciales distinguiendo sociedades mediáticas de las mediatizadas, hasta los problemas teórico-metodológicos de una semiótica aplicada. | |
| 650 | 4 |
_aLINGÜÍSTICA _vPUBLICACIONES SERIADAS |
|
| 650 | 4 |
_aSEMIÓTICA _vPUBLICACIONES SERIADAS |
|
| 655 | _vREVISTAS | ||
| 700 | 1 |
_aEscudero Chauvel, Lucrecia _ecoordinadora |
|
| 700 | 1 |
_aSoto, Marita _ecoordinadora |
|
| 700 | 1 |
_aTraversa, Oscar, _d1940-2020 _ecoordinador |
|
| 700 | 1 |
_aFabbri, Paolo, _d1948- _ecolaborador |
|
| 942 |
_2udc _cOG _n0 |
||
| 999 |
_c641 _d641 |
||